000 00546 a2200205 4500
999 _c31983
_d31983
003 OSt
005 20260213161015.0
008 260205b ||||| |||| 00| 0 eng d
020 _a978-93-85039-53-9
040 _c.
082 _a621.815
_bP1899
100 _91443
_aPandya, N. C.
245 _aMachine Design /
_cN. C. Pandya and C.S. Shah
250 _a21st ed.
260 _bCharotar Publishing House Pvt. Ltd,
_aGujrat :
_c2022.
300 _a1064 p.
650 0 _94135
_aMachines Design
700 _92182
_aShah, C.S.
942 _2ddc
_cBK